Normal view
MARC view
- SPORTS RECORDS.WORLD RECORD OF SPORTS
Entry Topical Term
001 - CONTROL NUMBER
- control field: 66324
003 - CONTROL NUMBER IDENTIFIER
- control field: NUST
005 - DATE AND TIME OF LATEST TRANSACTION
- control field: 20210628203554.0
008 - FIXED-LENGTH DATA ELEMENTS
- fixed length control field: 210628|| aca||aabn | a|a d
040 ## - CATALOGING SOURCE
- Original cataloging agency: NUST
- Transcribing agency: NUST
150 ## - HEADING--TOPICAL TERM
- Topical term or geographic name entry element: SPORTS RECORDS.WORLD RECORD OF SPORTS
670 ## - SOURCE DATA FOUND
- Source citation: Work cat.: (NUST): Sajid Ehsan 66323, Khailon kay alami record, olymapics football hockey cricket, 2001
